|
|
|
|
| LEADER |
00769nam a2200169Ia 4500 |
| 008 |
150624b xxu||||| |||| 00| 0 eng d |
| 020 |
|
|
|a 8170331719
|
| 020 |
|
|
|a 8170331719
|
| 082 |
|
|
|a 305.4
|
| 100 |
|
|
|a Alka Singh
|
| 245 |
|
|
|a Women in Muslim personal law /
|c Alka Singh
|
| 260 |
|
|
|a Jaipur :
|b Rawat Publications,
|c 1992.
|
| 300 |
|
|
|a 186 p.
|
| 505 |
|
|
|a 1. Study 2. Islam and muslim law in India 3. Social profile of the respondents 4. Marriage, divorce and maintenance in muslim personal law 5. Inheritance and property rights of muslim women 6. Shah Bano controversy and uniform civil code.
|
| 942 |
|
|
|c BK
|
| 999 |
|
|
|c 47120
|d 47120
|
| 952 |
|
|
|0 0
|1 0
|4 0
|6 305_400000000000000_ALK_W
|7 0
|9 47102
|a UL
|b UL
|c ST1
|d 1998-09-01
|l 4
|o 305.4 ALK/W
|p 69075
|r 2017-06-23
|s 2017-06-20
|w 2012-10-27
|y BK
|